<?xml version="1.0" encoding="UTF-8"?><?xml-stylesheet type="text/xsl" href="static/style.xsl"?><OAI-PMH xmlns="http://www.openarchives.org/OAI/2.0/" xmlns:xsi="http://www.w3.org/2001/XMLSchema-instance" xsi:schemaLocation="http://www.openarchives.org/OAI/2.0/ http://www.openarchives.org/OAI/2.0/OAI-PMH.xsd"><responseDate>2026-05-11T23:45:41Z</responseDate><request verb="GetRecord" identifier="oai:riubu.ubu.es:10259/10050" metadataPrefix="marc">https://riubu.ubu.es/oai/request</request><GetRecord><record><header><identifier>oai:riubu.ubu.es:10259/10050</identifier><datestamp>2025-01-30T01:05:31Z</datestamp><setSpec>com_10259_3844</setSpec><setSpec>com_10259_5086</setSpec><setSpec>com_10259_2604</setSpec><setSpec>col_10259_3845</setSpec></header><metadata><record xmlns="http://www.loc.gov/MARC21/slim" xmlns:doc="http://www.lyncode.com/xoai" xmlns:xsi="http://www.w3.org/2001/XMLSchema-instance" xmlns:dcterms="http://purl.org/dc/terms/" xsi:schemaLocation="http://www.loc.gov/MARC21/slim http://www.loc.gov/standards/marcxml/schema/MARC21slim.xsd">
<leader>00925njm 22002777a 4500</leader>
<datafield tag="042" ind1=" " ind2=" ">
<subfield code="a">dc</subfield>
</datafield>
<datafield tag="720" ind1=" " ind2=" ">
<subfield code="a">Wiloch, Magdalena Z.</subfield>
<subfield code="e">author</subfield>
</datafield>
<datafield tag="720" ind1=" " ind2=" ">
<subfield code="a">Pérez Estébanez, Martín</subfield>
<subfield code="e">author</subfield>
</datafield>
<datafield tag="720" ind1=" " ind2=" ">
<subfield code="a">Baran, Natalia</subfield>
<subfield code="e">author</subfield>
</datafield>
<datafield tag="720" ind1=" " ind2=" ">
<subfield code="a">Heras Vidaurre, Aránzazu</subfield>
<subfield code="e">author</subfield>
</datafield>
<datafield tag="720" ind1=" " ind2=" ">
<subfield code="a">Jönsson-Niedziółka, Martin</subfield>
<subfield code="e">author</subfield>
</datafield>
<datafield tag="720" ind1=" " ind2=" ">
<subfield code="a">Colina Santamaría, Álvaro</subfield>
<subfield code="e">author</subfield>
</datafield>
<datafield tag="260" ind1=" " ind2=" ">
<subfield code="c">2025</subfield>
</datafield>
<datafield tag="520" ind1=" " ind2=" ">
<subfield code="a">Alzheimer’s Disease (AD), reported for the first time in 1906, is a common disease that remains incurable to this day. In the past, a family of treatments using Cu(II) chelators failed during clinical trials, evidencing the importance of pre-clinical studies. In this work, we performed electrochemical characterisation of TDMQ20, a new potential drug against AD, using electrochemistry and spectroelectrochemistry. On the basis of voltammetry, we determined that TDMQ20 undergoes a two-step irreversible oxidation process and a one-step irreversible reduction process. Both oxidation and reduction reactions are pH-sensitive. Bidimensional UV–Vis spectroelectrochemistry (UV–Vis-SEC) allowed us to confirm that oxidation of TDMQ20 can occur both on the aliphatic chain and on the aromatic ring. The results expand the knowledge of the TDMQ20 redox activity in the human body which is important from the point of view of the toxicity of the proposed therapy.</subfield>
</datafield>
<datafield tag="024" ind2=" " ind1="8">
<subfield code="a">1567-5394</subfield>
</datafield>
<datafield tag="024" ind2=" " ind1="8">
<subfield code="a">http://hdl.handle.net/10259/10050</subfield>
</datafield>
<datafield tag="024" ind2=" " ind1="8">
<subfield code="a">10.1016/j.bioelechem.2024.108814</subfield>
</datafield>
<datafield tag="024" ind2=" " ind1="8">
<subfield code="a">1878-562X</subfield>
</datafield>
<datafield ind1=" " ind2=" " tag="653">
<subfield code="a">Voltammetry</subfield>
</datafield>
<datafield ind1=" " ind2=" " tag="653">
<subfield code="a">TDMQ20</subfield>
</datafield>
<datafield ind1=" " ind2=" " tag="653">
<subfield code="a">Spectroelectrochemistry</subfield>
</datafield>
<datafield ind1=" " ind2=" " tag="653">
<subfield code="a">Alzheimer’s disease</subfield>
</datafield>
<datafield tag="245" ind1="0" ind2="0">
<subfield code="a">Spectroelectrochemical studies of TDMQ20: A potential drug against Alzheimer’s disease</subfield>
</datafield>
</record></metadata></record></GetRecord></OAI-PMH>